[Event "Augsburg op"]
[Site "Augsburg"]
[Date "2013.12.30"]
[Round "7"]
[White "Lang, Ludwig"]
[Black "Kettler, Luitpold"]
[Result "0-1"]
[WhiteElo "1391"]
[BlackElo "1454"]
[PlyCount "78"]
[EventDate "2013.12.27"]
[EventType "swiss"]
[EventRounds "7"]
[EventCountry "GER"]
[SourceTitle "CBM 158 Extra"]
[Source "ChessBase"]
[SourceDate "2014.02.28"]
[SourceVersion "1"]
[SourceVersionDate "2014.02.28"]
[SourceQuality "1"]

1. e4 e5 2. Nf3 Nc6 3. Bc4 Be7 4. 0-0 Nf6 5. Nc3 d6 6. Bd5 0-0 7. Bxc6 bxc6 8. d3 h6 9. h3 Re8 10. Nh4 Nxe4 11. Nxe4 Bxh4 12. Kh2 f5 13. Ng3 d5 14. Nh1 Qd7 15. Qh5 Bd8 16. Qg6 f4 17. Qh5 Kh7 18. Re1 g6 19. Qf3 g5 20. g4 Bb7 21. Qd1 Qd6 22. f3 Bf6 23. Nf2 c5 24. c4 dxc4 25. Ne4 Bxe4 26. dxe4 Qd4 27. Kg2 Rad8 28. Qc2 Qd3 29. Qc3 Rd4 30. Qa5 Qc2+ 31. Kg1 Red8 32. Qxc7+ R8d7 33. Qxc5 Rd1 34. Qf2 Rxe1+ 35. Qxe1 Rd1 36. Qxd1 Qxd1+ 37. Kf2 Be7 38. b3 Bc5+ 39. Kg2 Qg1# 0-1